| 000 | 00751cam a2200277 a 4500 | ||
|---|---|---|---|
| 001 | 2165 | ||
| 005 | 20231108092203.0 | ||
| 020 | _a9780531263099 | ||
| 020 | _a9780531266229 | ||
| 040 |
_aDLC _cDLC _dDLC _beng |
||
| 050 | 0 | 0 |
_aE468 _b.B46 2012 |
| 082 | 0 | 0 |
_a973.7 _222 |
| 100 | 1 |
_aBenoit, Peter _d1955- |
|
| 245 | 1 | 4 |
_aThe Civil War / _cPeter Benoit |
| 260 |
_aNew York : _bScholastic, _c2012 |
||
| 300 |
_a48 pages : _billustrations _c21 cm |
||
| 490 | 0 | _aA true book | |
| 505 | _aT | ||
| 520 | _aLearn about the bloodiest battles and darkest days in the US's history. | ||
| 521 |
_a870 _bLexile |
||
| 521 |
_aT _bRaz-Plus |
||
| 650 | _aHistory | ||
| 650 | _aWar | ||
| 906 |
_a7 _bcbc _corignew _d1 _eecip _f20 _gy-gencatlg |
||
| 942 |
_2ddc _cBK _n0 |
||
| 999 |
_c2165 _d2165 |
||